| 000 | 02005ncm0a2200385 4500 | ||
|---|---|---|---|
| 001 | RU\NLR\ONIZ\215006 | ||
| 005 | 20260217123917.2 | ||
| 010 | _a978-5-901112-86-1 | ||
| 021 |
_aRU _b07-364 _907-17 |
||
| 035 | _a(NLR Aleph) 011273596 | ||
| 090 |
_a10832160 _c10832160 |
||
| 100 | _a20161012d2007 |||y0rusy50 ca | ||
| 101 | 0 | _arus | |
| 102 | _aRU | ||
| 125 | _azx | ||
| 128 | _armc | ||
| 145 | 0 | _ac | |
| 200 | 1 |
_aЯ помню, любимая, помню... _bНоты _eсб. романсов на стихи С. Есенина _e[голос с фп. ] _fВ. В. Хотинов |
|
| 210 |
_aЕкатеринбург _cФилантроп _d2007 |
||
| 215 |
_a106 с. _cпортр. _d29 см |
||
| 313 | _aСистематизация документа проведена по изданию - Методика классифицирования музыкальных произведений (нотных изданий) по таблицам Библиотечно-библиографических классификаций : метод. рекомендации / Гос. б-ка СССР им. В.И. Ленина.- М., 1977. Индексу ББК методических рекомендаций присваивается код ББК для научных библиотек - LBC/SL | ||
| 686 |
_aЩ943.4-42-043.3я44(2Р) _vLBC/SL _2rubbk |
||
| 700 | 1 |
_6z01790 _aХотинов _bВ. В. _f1943- _gВиктор Викторович _4230 _7ca |
|
| 702 | 1 |
_6z02790 _aЕсенин _bС. А. _f1895-1925 _gСергей Александрович _4520 |
|
| 790 | 1 |
_6z01700 _aChotinov _bV. V. _gViktor Viktorovič _4230 _7ba |
|
| 790 | 1 |
_6z02702 _aEsenin _bS. A. _f1895-1925 _gSergey Aleksandrovich _4520 |
|
| 801 | 0 |
_aRU _bNLR _c20161012 _gPSBO |
|
| 801 | 1 |
_aRU _bNLR _c20161012 _2rusmarc |
|
| 801 | 2 |
_aRU _bNLR _c20190630 |
|
| 852 |
_aNLR _jМ К-3/25022а _mМОЭ 2007-17/364а _t2 |
||
| 852 |
_aNLR _jМ К-3/25022 _mМОЭ 2007-17/364 _t1 |
||
| 942 | _cSCORE | ||
| 980 | _aNB | ||
| 980 | _aONIZ | ||